| 000 | 00960nam a2200301 4500 | ||
|---|---|---|---|
| 003 | EC-UNACH | ||
| 005 | 20251223094605.0 | ||
| 006 | s||||gr|||| 00| 00 | ||
| 008 | 150116t9999 mx r gr 000 0 spa d | ||
| 020 | _a84-459-0568-6 | ||
| 040 |
_aEC-UNACH _cEC-UNACH |
||
| 041 | _aspa | ||
| 082 | 0 | 4 |
_223 _a635.9 _bL018563 |
| 110 | _aIberlibro | ||
| 245 | _aEl gran libro de las flores | ||
| 250 | _aPrimera edición | ||
| 264 |
_aEspaña _bIberlibro _c2002 |
||
| 300 | _a232 | ||
| 505 | _aLas flores de las selvas tropicales - Las flores de las montañas - Las flores de las llanuras y las praderas - Las flores de los bosques templados - Las flores de las orillas marítimas - Las flores acuáticas. | ||
| 650 | _aFLORICULTURA | ||
| 650 | _aCANNABINACEAS | ||
| 650 | _aBEGONIACEAS | ||
| 700 | _aMichel Viard | ||
| 942 |
_2ddc _c1 |
||
| 999 | _c14354 | ||